Interview with Katherine Helm, Ph.D. by Jon Carlson, Ed.D., Psy.D. /
Therapist Katherine Helm discusses with Jon Carlson her approach to working with a specific set of clients. Dr. Helm also talks about her background and training; the approaches utilized are interpersonal process approach, cognitive-behavioral, psychodynamic theory, & solution focused therapy.
| Corporate Author: | |
|---|---|
| Format: | eBook |
| Language: | English |
| Language Notes: | In English. Original language in English. |
| Published: |
Alexandria, VA :
Alexander Street,
2014.
|
| Series: | Interpersonal Process Approach Psychotherapy Collection by Dr. Katherine Helm
|
| Subjects: | |
| Online Access: | Connect to the full text of this electronic book |
MARC
| Tag | First Indicator | Second Indicator | Subfields |
|---|---|---|---|
| LEADER | 00000nam a2200000 i 4500 | ||
| 001 | in00005629113 | ||
| 006 | m o d | ||
| 007 | cr |n||||||||a | ||
| 008 | 171011s2014 vau o ||| 0 eng d | ||
| 005 | 20250328182834.2 | ||
| 035 | |a (OCoLC)on1373464794 | ||
| 040 | |a CJT |b eng |e rda |c CJT | ||
| 035 | |a (OCoLC)1373464794 | ||
| 049 | |a TXAM | ||
| 245 | 0 | 0 | |a Interview with Katherine Helm, Ph.D. by Jon Carlson, Ed.D., Psy.D. / |c by Jon Carlson, Ed.D., Psy.D. & Katherine Helm, Ph.D. |
| 264 | 1 | |a Alexandria, VA : |b Alexander Street, |c 2014. | |
| 300 | |a 1 online resource (3 pages). | ||
| 336 | |a text |b txt |2 rdacontent | ||
| 337 | |a computer |b c |2 rdamedia | ||
| 338 | |a online resource |b cr |2 rdacarrier | ||
| 347 | |a data file |2 rda | ||
| 490 | 0 | |a Interpersonal Process Approach Psychotherapy Collection by Dr. Katherine Helm | |
| 546 | |a In English. | ||
| 546 | |a Original language in English. | ||
| 500 | |a Title from resource description page (viewed October 11, 2017). | ||
| 520 | |a Therapist Katherine Helm discusses with Jon Carlson her approach to working with a specific set of clients. Dr. Helm also talks about her background and training; the approaches utilized are interpersonal process approach, cognitive-behavioral, psychodynamic theory, & solution focused therapy. | ||
| 650 | 4 | |a Theoretical Approaches to Counseling. | |
| 650 | 4 | |a Psychodynamic psychotherapy. | |
| 650 | 4 | |a Cognitive behavioral therapy. | |
| 650 | 4 | |a Solution focused therapy. | |
| 650 | 4 | |a Interpersonal psychotherapy. | |
| 655 | 7 | |a Electronic books. |2 local | |
| 655 | 4 | |a Interview. | |
| 710 | 2 | |a Alexander Street (Firm) | |
| 856 | 4 | 0 | |u http://proxy.library.tamu.edu/login?url=https://www.aspresolver.com/aspresolver.asp?BMHO;2476122 |z Connect to the full text of this electronic book |t 0 |
| 936 | |a BATCHLOAD | ||
| 955 | |a Alexander Street - Behavioral and Mental Health Online | ||
| 994 | |a 92 |b TXA | ||
| 999 | f | f | |s 1419ef5e-ae9c-4ed7-8579-6f571e921987 |i 04e44d34-1c69-459f-9aca-ff70d3b3d8e3 |t 0 |
| 952 | f | f | |a Texas A&M University |b College Station |c Electronic Resources |d Available Online |t 0 |h Library of Congress classification |
| 998 | f | f | |t 0 |l Available Online |